00792nam a22002537a 4500003000500000005001700005008004100022010001000063011001000073035001000083040000900093100002900102245008900131260002600220300001000246490003300256650001600289650002500305650004000330651003700370700002600407710007200433830003300505CHAP20220817042824.0971013s1982 r 00010 d a56800 a57772 a61927 cCHAP00aSchucking, Rainer Godau. aBurocracia pública y empresa privadab: el caso de la industrialización mexicana aAustin :bILAS,c1982 a20 p. aTecnical papers seriesv; 3514aBurocracia.14aIndustrialización.14aMéxicoxCondiciones económicas. 4aMéxicoxPolítica y gobierno.0 aMárquez, Viviane B.0 aUniversity of Texas at Austin. Institute of Latin American Studies.0 aTecnical papers seriesv; 35